Zizzen a hó. Pórul járt versike. A levél

Podrobná bibliografia
Hlavný autor: Gömöri Kovács, István, 1924-2001 (Autor)
Ďalší autori: Németh, Ilona, 1963- (Ilustrátor)
Médium: Článok
Jazyk:maďarčina
Predmet:

MARC

LEADER 00000nab a2200000 a 4500
001 vtls000540203
003 SK-MaSNL
005 20260303230956.0
008 160202c1995 xo 0 hun
015 |a SNBRB19rr/mm-uuuuu 
035 |a CL0540341 
040 |a SNKBUCL  |b slo  |c SNKBUCL  |e AACR2 
041 0 |a hun 
044 |a xo  |c SK 
080 |a 894.511 (437.6)-1(087.5)=945.11  |2 1981 
100 1 |a Gömöri Kovács, István,  |d 1924-2001  |4 aut  |9 746130 
245 1 0 |a Zizzen a hó. Pórul járt versike. A levél  |c István Gömöri Kovács ; Illusztr. Ilona Németh 
650 0 7 |a naratívne básne  |2 snkbucl  |9 56217 
655 7 |a články z novín a časopisov  |2 snkbucl  |9 267496 
655 7 |a články z odboru literárna veda a krásna literatúra  |2 snkbucl  |9 770045 
700 1 |a Németh, Ilona,  |d 1963-  |4 ill  |9 101799 
773 0 |t Tücsök  |g Roč. 5, č. 6 (1994/1995), s. 23 
850 |a Slovenská národná knižnica v Martine  |a DSG001 
852 |a SNK  |b KIS3GCP 
958 |a RK 
958 |a HU 
958 |a LX 
992 |a RBX 
999 |c 2264530  |d 2266460